| 000 | 00705nam a2200253Ia 4500 | ||
|---|---|---|---|
| 003 | OSt | ||
| 005 | 20221007081321.0 | ||
| 006 | a|||||r|||| 00| 0 | ||
| 007 | ta | ||
| 008 | 221006b |||||||| |||| 00| 0 eng d | ||
| 020 | _a9780198722052 | ||
| 024 | _a45,584 | ||
| 037 | _cTextual | ||
| 040 |
_aFLL _cFLL _beng |
||
| 041 |
_2eng _aeng |
||
| 082 | _aXM55:Z3, Q6 | ||
| 100 |
_aWORTHINGTON Sarah _9461559 |
||
| 245 | 0 | _aSealy and Worthington's text, cases, and materials in company law | |
| 250 | _a11th | ||
| 260 |
_aNew York _bOxford University Press USA _c2016 |
||
| 300 |
_alvii,893 _ccm. |
||
| 942 |
_hXM55:Z3, Q6 _cTEXL _2CC |
||
| 999 |
_c1162722 _d1162722 |
||